Online
Catalog

Neruda / (Record no. 21152)

MARC details
000 -CABECERA
campo de control de longitud fija 01257nam a2200289 a 4500
001 - NÚMERO DE CONTROL
campo de control 000021653
003 - IDENTIFICADOR DEL NÚMERO DE CONTROL
campo de control DO-SdBNP
005 - FECHA Y HORA DE LA ÚLTIMA TRANSACCIÓN
campo de control 20220223102615.0
007 - CAMPO FIJO DE DESCRIPCIÓN FÍSICA--INFORMACIÓN GENERAL
campo de control de longitud fija ta
008 - DATOS DE LONGITUD FIJA--INFORMACIÓN GENERAL
campo de control de longitud fija 100909s1990 cu gr 001 ebspa d
040 ## - FUENTE DE LA CATALOGACIÓN
Centro catalogador/agencia de origen DO-SdBNP
Lengua de catalogación spa
Centro/agencia transcriptor BNPHU
082 #4 - NÚMERO DE LA CLASIFICACIÓN DECIMAL DEWEY
Número de edición 22
Número de clasificación 928.83
Número de documento/Ítem N454T
100 1# - ENTRADA PRINCIPAL--NOMBRE DE PERSONA
Nombre de persona Teitelboim, Volodia,
Fechas asociadas al nombre 1916- 2008
9 (RLIN) 3850
245 10 - MENCIÓN DE TÍTULO
Título Neruda /
Mención de responsabilidad, etc. Volodia Teitelboim ; edición de Aitana Alberti.
260 ## - PUBLICACIÓN, DISTRIBUCIÓN, ETC.
Lugar de publicación, distribución, etc. La Habana, Cuba :
Nombre del editor, distribuidor, etc. Arte y Literatura,
Fecha de publicación, distribución, etc. 1990
300 ## - DESCRIPCIÓN FÍSICA
Extensión 468, [6] p. ;
Dimensiones 23 cm.
500 ## - NOTA GENERAL
Nota general Incluye índice de nombres e ilustraciones.
504 ## - NOTA DE BIBLIOGRAFÍA, ETC.
Nota de bibliografía, etc. Bibliografía: (p. 451-153).
505 ## - NOTA DE CONTENIDO CON FORMATO
Nota de contenido con formato Primera parte: De las lluvia ala guerra.--
Título I. Niño de frontera.--
-- II. Joven de crepúsculo.--
-- III. Agonía y creación en Oriente.--
-- La letra con sangre entra.--
505 ## - NOTA DE CONTENIDO CON FORMATO
Nota de contenido con formato Segunda parte: Pasión y Muerte.
Título V. Su descubrimiento de América.--
-- VI. El viaje del mundo.--
-- VII. Narrador de sí mismo.--
-- VIII. La balada del viejo marinero.--
-- Notas bibliográficas.--
-- Índice de nombres.
590 ## - NOTA LOCAL (RLIN)
Nota local Inventariado 2022 / MF
600 04 - PUNTO DE ACCESO ADICIONAL DE MATERIA--NOMBRE DE PERSONA
Nombre de persona Neruda, Pablo,
Fechas asociadas al nombre 1904-1973
9 (RLIN) 9164
650 #4 - PUNTO DE ACCESO ADICIONAL DE MATERIA--TÉRMINO DE MATERIA
Término de materia o nombre geográfico como elemento de entrada Poetas chilenos
Subdivisión cronológica Siglo XX
Subdivisión de forma Biografías
9 (RLIN) 11296
700 1# - PUNTO DE ACCESO ADICIONAL--NOMBRE DE PERSONA
Nombre de persona Alberti, Aitana,
Término indicativo de función/relación ed.
9 (RLIN) 45052
910 ## - DATOS DE OPCIÓN DEL USUARIO (OCLC)
Datos de opción del usuario MFéliz
942 ## - ELEMENTOS DE PUNTO DE ACCESO ADICIONAL (KOHA)
Fuente del sistema de clasificación o colocación Dewey Decimal Classification
Tipo de ítem Koha Libro
Holdings
Estado de retiro Estado de pérdida Fuente del sistema de clasificación o colocación Restricciones de uso No para préstamo Código de colección Localización permanente Ubicación/localización actual Ubicación en estantería Fecha de adquisición Total de préstamos Signatura topográfica completa Código de barras Fecha visto por última vez Precio válido a partir de Tipo de ítem Koha
    Dewey Decimal Classification Préstamo en sala   General Biblioteca Nacional Pedro Henríquez Ureña Biblioteca Nacional Pedro Henríquez Ureña En catalogación 09.09.2010   928.83 N454T 21653-10 25.06.2020 25.06.2020 Libro

Powered by Koha